Score 0/15 Timer 02:00
0 Plays Today
# Current Company % Correct
6Apple
91.5%
4Shell
83.9%
8Adidas
74.4%
15Nintendo
69.3%
10BMW
65.9%
3Mercedes-Benz
62.8%
2Volkswagen
53.7%
7GE
47.2%
# Current Company % Correct
13Canon
40.5%
1Mozilla Firefox
33.7%
12Playboy
28%
14Xerox
27%
5Kodak
18.3%
11Nestle
14.1%
9IBM
13.2%
Remove Ads.
Support Sporcle.
Get the best of Sporcle when you Go Orange. This ad-free experience offers more features, more stats, and more fun while also helping to support Sporcle. Thank you for becoming a member.

You're not logged in!

Compare scores with friends on all Sporcle quizzes.
OR
Log In

Sporcle TV

Today on Sporcle TV


Watch our educational content, quiz creation guides, and fun videos on Sporcle TV.

Show Comments

Extras

Top Quizzes Today


Score Distribution

Paid Content

Your Account Isn't Verified!

In order to create a playlist on Sporcle, you need to verify the email address you used during registration. Go to your Sporcle Settings to finish the process.

Report this User

Report this user for behavior that violates our Community Guidelines.

Details: